00452nam a2200145Ia 4500008004100000100002000041245007600061245002000137260003900157260000900196300001000205650001800215650001500233856005800248170221s9999 xx 000 0 und d aAntonio Ciaglia aIn Press We Trust? A Comparative Study of Three European Press Systems  cAntonio Ciaglia bStudies in Media and Communication c2013 a1 : 2 xCommunication xMedia Arts uhttp://redfame.com/journal/index.php/smc/issue/view/6